000 00633cam a22002053a 4500
001 40403
003 PGUSA
005 20140828083913.0
008 120803s2012||||xxu|||||s|||||000 | eng d
040 _aPGUSA
_beng
042 _adc
100 1 _aRankin, Carroll Watson,
_d1870-
245 1 0 _aGirls of Highland Hall :
_bFurther Adventures of the Dandelion Cottagers
_h[electronic resource] /
_cCarroll Watson Rankin
260 _bProject Gutenberg,
_c2012
506 _aPublic domain in the USA.
516 _aElectronic text
830 0 _aProject Gutenberg
_v40403
856 4 0 _uhttp://www.gutenberg.org/ebooks/40403
942 _cEB
999 _c269656
_d269656